MINECRAFT : (Record no. 203840)

MARC details
000 -LEADER
fixed length control field 01023nam a2200337 i 4500
003 - CONTROL NUMBER IDENTIFIER
control field OSt
005 - DATE AND TIME OF LATEST TRANSACTION
control field 20260414152709.0
008 - FIXED-LENGTH DATA ELEMENTS--GENERAL INFORMATION
fixed length control field 260414s2025 nyu cr 000 1 eng d
020 ## - INTERNATIONAL STANDARD BOOK NUMBER
International Standard Book Number 9780593972854
Terms of availability RM 65.90
Qualifying information paperback
040 ## - CATALOGING SOURCE
Original cataloging agency PPAK
Language of cataloging eng
Transcribing agency PPAK
Description conventions rda
082 04 - DEWEY DECIMAL CLASSIFICATION NUMBER
Edition number 23
Classification number 813.6
090 00 - LOCALLY ASSIGNED LC-TYPE CALL NUMBER (OCLC); LOCAL CALL NUMBER (RLIN)
Classification number (OCLC) (R) ; Classification number, CALL (RLIN) (NR) 813.6
Feature heading DRA
Feature heading K
100 1# - MAIN ENTRY--PERSONAL NAME
Personal name Drayden, Nicky,
Relator term author.
245 10 - TITLE STATEMENT
Title MINECRAFT :
Remainder of title THE DRAGON /
Statement of responsibility, etc. NICKY DRAYDEN
246 30 - VARYING FORM OF TITLE
Title proper/short title The dragon
264 #1 - PRODUCTION, PUBLICATION, DISTRIBUTION, MANUFACTURE, AND COPYRIGHT NOTICE
Place of production, publication, distribution, manufacture New York :
Name of producer, publisher, distributor, manufacturer Random House Worlds,
Date of production, publication, distribution, manufacture, or copyright notice 2025
300 ## - PHYSICAL DESCRIPTION
Extent 264 pages ;
Dimensions 21 cm
336 ## - CONTENT TYPE
Content type term text
Source rdacontent
337 ## - MEDIA TYPE
Media type term unmediated
Source rdamedia
338 ## - CARRIER TYPE
Carrier type term volume
Source rdacarrier
490 1# - SERIES STATEMENT
Series statement MINECRAFT
500 ## - GENERAL NOTE
General note "Mojang Studios official product"--Cover.
650 10 - SUBJECT ADDED ENTRY--TOPICAL TERM
Topical term or geographic name entry element Video games
Form subdivision Juvenile fiction
Topical term or geographic name entry element Minecraft (Game)
Form subdivision Juvenile fiction
Topical term or geographic name entry element Dragons
Form subdivision Juvenile fiction
Topical term or geographic name entry element Magic
Form subdivision Juvenile fiction
655 #7 - INDEX TERM--GENRE/FORM
Genre/form data or focus term Children's stories
Genre/form data or focus term Fantasy fiction.
830 #0 - SERIES ADDED ENTRY--UNIFORM TITLE
Uniform title Minecraft
942 ## - ADDED ENTRY ELEMENTS (KOHA)
Source of classification or shelving scheme Dewey Decimal Classification
Koha item type Book

No items available.